00802nam a2200193 a 450000500170000000800410001705000230005824500850008126000860016630000120025244000710026450000400033552000170037565000670039265000390045965000410049865000600053970000090059920140414093839.0040310s19uu xx 00 eng d aVHS 370bOR 10 t.1 aInstructional strategies for the differentiated classroom :blearning contracts. aAlexandria, Va :bAssociation for Supervision and Curriculum Development,cc2003. a25 min. aInstructional strategies for the differentiated classroom ; tape 1 aFacilitator's guide, Tapes 1,2,3,4. aLibrary has: aCurriculum planning (Instructional strategies)xUnited States. aEffective teachingxUnited States. aAcademic achievementxUnited States. aResearch-based instructional strategiesxUnited States. aASCD